00530nam a2200181Ia 450000500170000000800410001702000130005804000190007104100120009008200170010210000300011924500810014926000340023030000110026465000430027565100200031885000100033820230328102330.0131103s9999 xx 000 0 und d aRs.12.00 aLoreto College aEnglish a891.443bMUK aTrailakaya rachanasambhar aTrailakaya rachanasambharcTrailakaya, Mukhopadhayay, Promothnath Bisi ; ed. aCalcuttabMitra & Ghoshc1374 a550p.  aMukhopadhayay, Trailakaya - collection aBengali fiction aLCLIB